Documentos inéditos del siglo XVI para la historia de México / (Record no. 57235)

MARC details
000 -LEADER
campo de control de longitud fija 00674nam a2200181 i 4500
001 - NÚMERO DE CONTROL
campo de control 57235
003 - IDENTIFICADOR DE NÚMERO DE CONTROL
campo de control ES-MaACL
005 - FECHA Y HORA DE LA ÚLTIMA TRANSACCIÓN
campo de control 20230906163535.0
007 - CAMPO FIJO DE DESCRIPCIÓN FÍSICA--INFORMACIÓN GENERAL
campo de control de longitud fija t|
008 - DATOS DE LONGITUD FIJA--INFORMACIÓN GENERAL
campo de control de longitud fija 031015s1914 sp ||||1| spa d
245 00 - MENCIÓN DEL TÍTULO
Título Documentos inéditos del siglo XVI para la historia de México /
Mención de responsabilidad, etc. corregidos y anotados por Mariano Cuevas ; publicación hecha bajo la dirección de Genaro García.
260 ## - PUBLICACIÓN, DISTRIBUCIÓN, ETC.
Lugar de publicación, distribución, etc. México :
Nombre del editor, distribuidor, etc. Talleres del Museo Nacional,
Fecha de publicación, distribución, etc. 1914.
300 ## - DESCRIPCIÓN FÍSICA
Extensión XXXI, 521 p. ;
Dimensiones 29 cm.
651 #4 - PUNTO DE ACCESO ADICIONAL DE MATERIA--NOMBRE GEOGRÁFICO
Nombre geográfico México-
Subdivisión general Historia-
Subdivisión cronológica 1521-1821, Época colonial-
Subdivisión de forma Fuentes.
9 (RLIN) 158071
700 1# - ENTRADA AGREGADA--NOMBRE PERSONAL
Nombre de persona Cuevas, Mariano.
9 (RLIN) 42102
700 1# - ENTRADA AGREGADA--NOMBRE PERSONAL
Nombre de persona García, Genaro.
9 (RLIN) 54028
852 ## - LOCALIZACIÓN
Ubicación ES-MaACL
Número de control de estantería F-123
Holdings
Estatus retirado Estado de pérdida Estado de daño No para préstamo Biblioteca de origen Biblioteca actual Ubicación en estantería Fecha de adquisición Fuente de adquisición Total de préstamos Signatura topográfica completa Código de barras Visto por última vez Precio de reemplazo Tipo de ítem Koha
        Biblioteca del Ateneo de Madrid Biblioteca del Ateneo de Madrid Depósito 2 17/01/2008     F-123 1060093 23/02/2023 23/02/2023 Libro impreso